000 00258nam a22001217a 4500
020 _a0-7214-1869-4
082 _a823
_bHAR/W
100 _aHARKER, LESLEY
245 _aWISHING MOON
260 _aUK
_bLADYBIRD
650 _aENGLISH SHORT STORY
_zUK
942 _cBK
999 _c4283
_d4283